000 00533nam a2200181Ia 4500
008 191130s2008##################000#0#eng##
020 _a9780073278513
040 _aACL
_cACL
082 _a650.01513 SLA
100 _aSlater, Jeffrey
245 _aBusiness math handbook to accompany practical business math procedures
_cJeffrey Slater
250 _a9th ed
260 _aBoston, MA
_bMcGraw-Hill / Irwin
_c2008
300 _a44 p. ; 28 cm.
990 _ac0923e2bac10000c0aa384d07850b248
991 _a356801
999 _c249260
_d249260